[Event "IND-ch 59th"]
[Site "New Delhi"]
[Date "2023.01.02"]
[Round "12"]
[White "Sachi, Jain"]
[Black "Nirgun, Keval"]
[Result "1-0"]
[WhiteElo "1617"]
[BlackElo "1785"]
[PlyCount "75"]
[EventDate "2022.12.22"]
[EventType "swiss"]
[EventRounds "13"]
[EventCountry "IND"]
[SourceTitle "CBM 211 Extra"]
[Source "ChessBase"]
[SourceDate "2023.01.31"]
[SourceVersion "1"]
[SourceVersionDate "2023.01.31"]
[SourceQuality "1"]

1. e4 c5 2. Nf3 d6 3. d4 cxd4 4. Nxd4 Nf6 5. Nc3 Nc6 6. f4 e6 7. Nf3 Be7 8. Bd3 a6 9. 0-0 b5 10. a3 Qc7 11. Kh1 Bb7 12. Qe1 Nd7 13. Bd2 Nc5 14. e5 dxe5 15. fxe5 Nxd3 16. cxd3 0-0-0 17. d4 Kb8 18. Ne2 Qd7 19. b4 g5 20. Nxg5 Nxd4 21. Nxd4 Qxd4 22. Be3 Qd5 23. Nf3 Rhg8 24. Qe2 Qe4 25. Qf2 Rd3 26. Rfe1 Qf5 27. Red1 h5 28. Ne1 Rxd1 29. Rxd1 Qg4 30. Nf3 h4 31. h3 Qf5 32. Rf1 Rg3 33. Qe2 Qe4 34. Qd2 Qc4 35. Rc1 Qb3 36. Qd4 Rxh3+ 37. gxh3 Bxf3+ 38. Kg1 1-0

[Event "Pune All India op 3rd"]
[Site "Pune"]
[Date "2019.05.02"]
[Round "8"]
[White "Nirgun, Keval"]
[Black "Deshmukh, Anup"]
[Result "1/2-1/2"]
[WhiteElo "1779"]
[BlackElo "2253"]
[PlyCount "124"]
[EventDate "2019.04.29"]
[EventType "swiss"]
[EventRounds "8"]
[EventCountry "IND"]
[SourceTitle "CBM 190 Extra"]
[Source "ChessBase"]
[SourceDate "2019.07.15"]
[SourceVersion "1"]
[SourceVersionDate "2019.07.15"]
[SourceQuality "1"]

1. Nf3 g6 2. g3 Bg7 3. d4 c5 4. d5 d6 5. c4 e5 6. dxe6 Bxe6 7. e4 Nc6 8. Be2 Nf6 9. Nc3 0-0 10. Bf4 Qb6 11. Qd2 Qa6 12. Bxd6 Rfd8 13. e5 Nxe5 14. Nxe5 Rxd6 15. Qe3 Bh3 16. f4 Re8 17. Qxc5 Rb6 18. 0-0-0 Nd7 19. Qe3 Qa5 20. g4 Nxe5 21. fxe5 Rxb2 22. Kxb2 Rxe5 23. Qd3 Rxe2+ 24. Qxe2 Qxc3+ 25. Kb1 Qa1+ 26. Kc2 Qc3+ 27. Kb1 h5 28. Rhg1 Qa1+ 29. Kc2 Qc3+ 30. Kb1 Bxg4 31. Rxg4 hxg4 32. Rd3 Qa1+ 33. Kc2 Qxa2+ 34. Kd1 Qb1+ 35. Kd2 Bh6+ 36. Kc3 Bg7+ 37. Kd2 Qb4+ 38. Kd1 Qa4+ 39. Ke1 f5 40. h3 Qa5+ 41. Kf1 Qa1+ 42. Kg2 gxh3+ 43. Rxh3 Qe5 44. Qxe5 Bxe5 45. Ra3 Bd4 46. Rd3 Bc5 47. Rd7 b6 48. Rxa7 Kf8 49. Kf3 g5 50. Rd7 Be7 51. Rd5 f4 52. Rd7 Bc5 53. Kg4 Ke8 54. Rd3 Be7 55. Kf5 Kf7 56. Rb3 Bd8 57. Rh3 Kg7 58. Rd3 Be7 59. Rd7 Kf8 60. Ke6 Bc5 61. Rf7+ Kg8 62. Rf5 Kh7 1/2-1/2

[Event "Udaipur Lakecity op 3rd"]
[Site "Udaipur"]
[Date "2019.03.29"]
[Round "4"]
[White "Rajesh, VAV"]
[Black "Nirgun, Keval"]
[Result "1-0"]
[WhiteElo "2413"]
[BlackElo "1779"]
[PlyCount "101"]
[EventDate "2019.03.28"]
[EventType "swiss"]
[EventRounds "8"]
[EventCountry "IND"]
[SourceTitle "CBM 189 Extra"]
[Source "ChessBase"]
[SourceDate "2019.06.03"]
[SourceVersion "1"]
[SourceVersionDate "2019.06.03"]
[SourceQuality "1"]

1. d4 Nf6 2. c4 e6 3. Nc3 Bb4 4. e3 0-0 5. Bd3 c5 6. Nge2 d5 7. cxd5 exd5 8. 0-0 Nc6 9. a3 Bxc3 10. bxc3 c4 11. Bc2 Re8 12. f3 b5 13. Ng3 h5 14. Re1 h4 15. Nh1 a5 16. Nf2 Be6 17. e4 Nd7 18. f4 f5 19. exf5 Bf7 20. Be3 Nb6 21. Ng4 b4 22. f6 b3 23. Nh6+ Kf8 24. Nxf7 Kxf7 25. Qh5+ Kxf6 26. Qg6+ Ke7 27. Bf5 Qc7 28. Qxg7+ Kd8 29. Qf6+ Ne7 30. Bf2 Nd7 31. Qg5 Ra6 32. Rxe7 Rxe7 33. Qg8+ Re8 34. Bxh4+ Nf6 35. Qxd5+ Ke7 36. Qe5+ Qxe5 37. fxe5 Kf7 38. Bxf6 Rb8 39. Rb1 b2 40. Be4 Rb3 41. Bd5+ Ke8 42. Bxc4 Rxc3 43. Bb5+ Kf7 44. Rxb2 Ra7 45. a4 Rc1+ 46. Kf2 Ke6 47. Be2 Rh7 48. Rb6+ Kd5 49. Bf3+ Kxd4 50. e6+ Kd3 51. Rd6+ 1-0

[Event "New Delhi Parsvnath op-B 16th"]
[Site "New Delhi"]
[Date "2018.01.10"]
[Round "5"]
[White "Nirgun, Keval"]
[Black "Thounaojam, Gobin Luwang"]
[Result "0-1"]
[WhiteElo "1789"]
[BlackElo "1971"]
[PlyCount "100"]
[EventDate "2018.01.09"]
[EventType "swiss"]
[EventRounds "10"]
[EventCountry "IND"]
[SourceTitle "CBM 182 Extra"]
[Source "ChessBase"]
[SourceDate "2018.02.23"]
[SourceVersion "1"]
[SourceVersionDate "2018.02.23"]
[SourceQuality "1"]

1. Nf3 d5 2. g3 Nd7 3. d4 Ngf6 4. Bg2 g6 5. 0-0 Bg7 6. c4 c6 7. Qc2 0-0 8. Nbd2 Nb6 9. c5 Nbd7 10. h3 Qc7 11. a3 e5 12. dxe5 Nxe5 13. Nd4 a5 14. b3 b6 15. Bb2 Bb7 16. Rac1 bxc5 17. Qxc5 Ned7 18. Qc2 Rac8 19. b4 axb4 20. axb4 Qb6 21. Qb3 Nh5 22. e3 Ba6 23. b5 cxb5 24. Rxc8 Bxc8 25. Bxd5 Nc5 26. Qa2 Bxh3 27. Rc1 Nd3 28. Rc6 Qb8 29. Ba3 b4 30. Qb3 Nxf2 31. Ne2 bxa3 32. Qxb8 Rxb8 33. Kxf2 Rb2 34. Nc4 Rxe2+ 35. Kxe2 a2 36. Ra6 a1Q 37. Rxa1 Bxa1 38. Nd6 Be6 39. Bxe6 fxe6 40. Kf3 Be5 41. Ne4 Nxg3 42. Ng5 Nh5 43. Nxe6 Nf6 44. e4 h6 45. Nd8 g5 46. Nc6 Bc7 47. e5 Nd7 48. Ne7+ Kf7 49. Nf5 Nxe5+ 50. Kg3 Kf6 0-1